000 00810nam a2200229 a 4500
001 000033125
005 20240502103719.0
008 110817s1972 sp 000 0 spa d
040 _aDO-SdBNP
_bspa
_cBNPHU
082 _axxxx
_bD486R
100 1 _aDeutscher, Isaac,
_d1907-1967
_961252
240 1 0 _aRussia after Stalin
245 1 0 _aRusia después de Stalin. /
_cIsaac Deutscher ; tradución de M. A. González.
260 _aBarcelona :
_bEdiciones Martínez Roca,
_c1972.
300 _a173 p. ;
_c20 cm.
490 1 _aNovocurso
_v28
500 _aIncluye datos biográficos del autor
504 _aIncluye referencias bibliográficas y notas al pie de la páginas
590 _aPerteneció a la biblioteca personal de Juan Isidro Jimenes Grullón
830 0 _aNovocurso
_v28
_942590
049 _aBNPD
999 _c32616
_d32616